A rice village saga : (Record no. 12237)
[ view plain ]
| 000 -LEADER | |
|---|---|
| fixed length control field | 00728cam a2200205Ia 4500 |
| 020 ## - INTERNATIONAL STANDARD BOOK NUMBER | |
| ISBN | 0333726170 (Macmillan) |
| 020 ## - INTERNATIONAL STANDARD BOOK NUMBER | |
| ISBN | 0389210234 (Barnes & Noble) |
| 020 ## - INTERNATIONAL STANDARD BOOK NUMBER | |
| ISBN | 9712201295 (IRRI) |
| 040 ## - CATALOGING SOURCE | |
| Transcribing agency | EUN |
| 082 04 - DEWEY DECIMAL CLASSIFICATION NUMBER | |
| Classification number | 307 BAR 2000 A019 Or. |
| 100 1# - MAIN ENTRY--AUTHOR NAME | |
| Personal name | Hayami, Y¿±jir¿, |
| 245 12 - TITLE STATEMENT | |
| Title | A rice village saga : |
| Remainder of title | three decades of Green Revolution in the Philippines / |
| 260 ## - PUBLICATION, DISTRIBUTION, ETC. (IMPRINT) | |
| Place of publication | Basingstoke, England : |
| Name of publisher | Macmillan ; |
| Place of publication | Lanham, Md. : |
| Name of publisher | Barnes & Noble ; in association with International Rice Research Institute, |
| Year of publication | 2000 |
| 300 ## - PHYSICAL DESCRIPTION | |
| Number of Pages | xviii, 274 p. : |
| Other physical details | ill., maps ; |
| Dimensions | 23 cm |
| 650 #0 - SUBJECT ADDED ENTRY--TOPICAL TERM | |
| Topical Term | Green Revolution |
| 650 #0 - SUBJECT ADDED ENTRY--TOPICAL TERM | |
| Topical Term | Agricultural innovations |
| 650 #0 - SUBJECT ADDED ENTRY--TOPICAL TERM | |
| Topical Term | Agriculture and state |
| 700 1# - ADDED ENTRY--PERSONAL NAME | |
| Personal name | Kikuchi, Masao |
| 942 ## - ADDED ENTRY ELEMENTS (KOHA) | |
| Koha item type | សៀវភៅភាសាអង់គ្លេស |
| 952 ## - LOCATION AND ITEM INFORMATION (KOHA) | |
| Withdrawn status [LOCAL, KOHA] | 0 |
| Permanent Location | Date acquired | Koha item type | Lost status | Shelving location | Barcode | Current Location | Full call number |
|---|---|---|---|---|---|---|---|
| Library Block A | 2017-08-11 | សៀវភៅភាសាអង់គ្លេស | A019 | A20791 | Library Block A | 307 BAR 2000 A019 Or. |